Normal view MARC view
  • Vasconcelos, José,

Entry Nombre Personal

Number of records used in: 16

001 - NUMERO DE CONTROL

  • campo de control: 19996

003 - IDENTIFICADOR DE NUMERO DE CONTROL

  • campo de control: MX-MxUPN

005 - FECHA Y HORA DE LA ÜLTIMA TRANSACCIÓN

  • campo de control: 20241017120852.0

008 - DATOS DE LONGITUD FIJA

  • campo de control de longitud fija: 241017n||acnnnaabn n ana |d

035 ## - NUMERO DE CONTROL

  • Número de control: UPN10000020005

040 ## - FUENTE DE CATALOGACIÓN

  • Lenguaje de catalogación: spa
  • Agencia de transcripción: MX-MxUPN
  • Agencia original de catalogación: MX-MxUPN

100 1# - ENCABEZAMIENTO - NOMBRE PERSONAL

  • Nombre personal: Vasconcelos, José,
  • Fechas asociadas con el nombre: 1881-1959
  • Subdivisión temática general : Crítica e interpretación

670 ## - FUENTE EN LA QUE SE LOCALIZARON DATOS

  • Cita de la fuente: T/P
  • Información localizada: Diccionario Porrúa de historia, biografía y geografía de México

670 ## - FUENTE EN LA QUE SE LOCALIZARON DATOS

  • Cita de la fuente: Autoridades BGTQ, 17 octubre 2024 :
  • Información localizada: (Vasconcelos, José, 1881-1959 -- Crítica e interpretación)

902 ## - CATALOGADOR

  • Catalogador: PN/020697
  • Catalogador: MaríaRobles/171024